İstanbul gizemleri (Record no. 4411)

MARC details
000 -BAŞLIK
Sabit Uzunlukta Kontrol Alanı 00799na a2200265 4500
001 - KONTROL NUMARASI
Denetim Alanı 15831
003 - KONTROL NUMARASI IDENTIFIER
Denetim Alanı MIRAKIL
005 - SON İŞLEM TARİHİ VE ZAMANI
Denetim Alanı 20181213155004.0
008 - SABİT-BOY VERİ ELEMANLARI - GENEL BİLGİLER
Sabit Uzunlukta Kontrol Alanı 160929b tu 000 0
020 ## - ULUSLARARASI STANDART KİTAP NUMARASI
Uluslararası Standart Kitap Numarası 9754053901
035 ## - SİSTEM KONTROL NUMARASI
Sistem Kontrol Numarası 15831
040 ## - KATALOGLAMA KAYNAK
Orijinal Kataloglama Ajansı Milas
Kataloglama Dili tur
Metne Dönüştürmek Ajansı TR-AnCHP
082 ## - DEWEY ONLU SINIFLANDIRMA NUMARASI
Sınıflandırma Numarası 956.226
Ürün Numarası S16i 1993
090 ## - SINIFLAMA NUMARASI
Sınıflama Numarası 956.226 S16i 1993
100 ## - ANA GİRİŞ - KİŞİSEL İSİM
Kişisel Ad Scognamillo, Giovanni
245 ## - BAŞLIK TABLOSU
Başlık İstanbul gizemleri
Başlığın Kalan Büyüler, yatırlar, inançlar
Sorumluluk Tablosu, Vb Giovanni Scognamillo
246 ## - UNVAN FORM VARYING
Başlık Doğru / Kısa Başlığı Büyüler, yatırlar, inançlar
260 ## - YAYIN, DAĞITIM, VB
Yayın, Dağıtım, Vb Yeri İstanbul
Yayıncı, Dağıtıcı, Vs Adı Altın Kitaplar Yayınevi
Yayın, Dağıtım, Vb Tarihi 1993
300 ## - FİZİKSEL TANIM
Kapsam 207 s.
Diğer Fiziksel Ayrıntıları res.
Boyutlar 20 sm.
504 ## - KAYNAKÇA VB NOT
Kaynakça Vb Notu Kaynakça var.
650 ## - KONU KATMA GİRİŞ - TOPİKAL DÖNEM
Topikal Süreli Veya Coğrafi Ad Giriş Elemanı Halk inanışları
Coğrafi Alt Bölümü İstanbul
650 ## - KONU KATMA GİRİŞ - TOPİKAL DÖNEM
Topikal Süreli Veya Coğrafi Ad Giriş Elemanı Büyü
Coğrafi Alt Bölümü İstanbul
651 ## - KONU KATMA GİRİŞ - COĞRAFİ ADI
Coğrafi İsim İstanbul
Genel Alt Bölümü Sosyal yaşam ve gelenekler
Kronolojik Alt Bölümü Tarih
942 ## - EKLENDİ GİRİŞ ELEMANLARI (KOHA)
Sınıflandırma Veya Raf Düzeni Kaynak Dewey Decimal Classification
Koha Öğesi Türü Books
999 ## - SİSTEM KONTROL NUMARALARI (KOHA)
Koha Biblionumber 4411
Koha Biblioitemnumber 4411
Holdings
Kalıcı Konum Mevcut Konum Edinme Tarihi Edinim Kaynak Toplam Check-Out'Lar Tam Çağrı Numarası Barkod Tarih Son Görülme İtibaren Geçerli Fiyatlar Koha Öğesi Türü
CHP Kütüphanesi CHP Kütüphanesi 09/24/2016 Bağış   956.226 S16i 1993 005662 09/24/2016 09/24/2016 Books